| 000 | 00350nam a2200145Ia 4500 | ||
|---|---|---|---|
| 008 | 150201s2010 xx 000 0 und d | ||
| 082 |
_a617.3 _bT10T |
||
| 100 | _aTULI, S.M. | ||
| 245 | _aTUBERALOSIS OF THE SKELETON SYSTEM | ||
| 250 | _a4TH | ||
| 260 |
_bJAYPEE BROTHERS _aDELHI _c2010 |
||
| 300 | _a1-391 | ||
| 650 | _aORTHOPAEDICS | ||
| 942 |
_2ddc _cBK |
||
| 999 |
_c135 _d135 |
||